000 00493nam a2200169Ia 4500
008 240729s9999 xx 000 0 und d
022 _a2437-2110
245 0 _aNigerian Journal of Technological Development
260 _aNigeria
260 _bFaculty of Engineering and Technology
650 _a Geophysics. Cosmic physics
650 _a Physics
650 _aTechnology | Science
856 _uhttps://doaj.org/toc/f25334cdaecc478785617dac1510c0a5
942 _2ddc
942 _cDOAJEJ
999 _c72060
_d72060
945 _a1
_bMadushi Gamage
_c1
_dMadushi Gamage